000 02150nam a22002417a 4500
999 _c58004
_d58004
003 Ge_BSU
005 20221221134544.0
008 210420s2021 ge ||||| |||| 00| 0 geo d
041 _ageo
080 _a94 g-94
100 _aგულდური, ქადირ
_911458
245 _aიმერეთის სამეფოსა და ოსმალეთის იმპერიის ურთიერთობებიდან XVI - XVIII საუკუნეებში (ოსმალური და ქართული წყაროების მიხედვით) /)
_cქადირ გულდური ; სამეცნ. ხელმძღვანელი სულხან კუპრაშვილი, ზაზა შაშიკაძე; ბსუ. ჰუმანიტარულ მეცნიერებათა ფაკულტეტი. ისტორიის, არქეოლოგიია და ეთნოლოგიის დეპარტამენტი.
264 _aბათუმი,
_c2021.
300 _a238 გვ.;
_b30 სმ.
504 _aბიბლიოგრ. გვ. 212 - 238
653 _aიმერეთის სამეფოსა და ოსმალეთის იმპერიის ურთიერთობებიდან XVI - XVIII საუკუნეებში (ოსმალური და ქართული წყაროების მიხედვით)
653 _aდისერტაცია
653 _aისტორია
700 _aკუპრაშვილი, სულხან
_eსამეციერო ხელმძღვანელი
_911459
700 _aშაშიკაძე, ზაზა
_eსამეციერო ხელმძღვანელი
_911460
710 _aბსუ.
_bჰუმანიტარულ მეცნიერებათა ფაკულტეტი. ისტორიის, არქეოლოგიია და ეთნოლოგიის დეპარტამენტი.
_911461
942 _2udc
_cDS